Seguridad social (Record no. 182813)

MARC details
000 -LEADER
campo de control de longitud fija 00644nam a2200181 i 4500
001 - NÚMERO DE CONTROL
campo de control 182813
003 - IDENTIFICADOR DE NÚMERO DE CONTROL
campo de control ES-MaACL
005 - FECHA Y HORA DE LA ÚLTIMA TRANSACCIÓN
campo de control 20230906221722.0
007 - CAMPO FIJO DE DESCRIPCIÓN FÍSICA--INFORMACIÓN GENERAL
campo de control de longitud fija t|
008 - DATOS DE LONGITUD FIJA--INFORMACIÓN GENERAL
campo de control de longitud fija 131106s1985 sp r ||||1| spa d
100 1# - ENTRADA PRINCIPAL--NOMBRE DE PERSONA
Nombre de persona Prieto Escudero, Germán.
9 (RLIN) 93926
245 10 - MENCIÓN DEL TÍTULO
Título Seguridad social
Resto del título : prevalencia empírico-sociológica del sistema institucional mediterraneo /
Mención de responsabilidad, etc. Germán Prieto Escudero.
260 ## - PUBLICACIÓN, DISTRIBUCIÓN, ETC.
Lugar de publicación, distribución, etc. Madrid :
Nombre del editor, distribuidor, etc. Centro de Estudios Constitucionales,
Fecha de publicación, distribución, etc. 1985.
300 ## - DESCRIPCIÓN FÍSICA
Extensión P. 55-77 p. ;
Dimensiones 24 cm.
500 ## - NOTA GENERAL
Nota general Separata del nº 147 de la Revista de Política Social.
650 ## - PUNTO DE ACCESO ADICIONAL DE MATERIA--TÉRMINO DE MATERIA
Término de materia o nombre geográfico como elemento de entrada Seguridad social.
9 (RLIN) 136859
852 ## - LOCALIZACIÓN
Ubicación ES-MaACL
Número de control de estantería 2329-F-25
Holdings
Estatus retirado Estado de pérdida Estado de daño No para préstamo Colección Biblioteca de origen Biblioteca actual Ubicación en estantería Fecha de adquisición Fuente de adquisición Total de préstamos Signatura topográfica completa Código de barras Visto por última vez Precio de reemplazo Tipo de ítem Koha
        Colección de folletos Biblioteca del Ateneo de Madrid Biblioteca del Ateneo de Madrid Depósito folletos 06/11/2013     2329-F-25 1192129 23/02/2023 23/02/2023 Folleto